000 01676nam a22004457a 4500
003 CHAP
005 20250428133234.0
008 051024d2005 mx r 00110 spa d
010 _a91194
011 _a92166
035 _a102729
040 _cCHAP
090 _aTesis
100 1 0 _aRodríguez Piña, Giovanni Alan
_998786
245 1 0 _aEstudio de factibilidad técnico-económico de una planta procesadora de fruta en el municipio de Astacinga, Veracruz
_c/por Giovanni Alan Rodríguez Piña
260 _aChapingo, Méx. :
_bEl autor,
_c2005.
300 _a93 h.
502 _aTesis (Ing. Agroindustrial) -- UACH. Departamento de Ingeniería Agroindustrial
590 _aALEPH
_b10
_c20130110
_lUCH01
_h1507
590 _aBATCH-UPD
_b10
_c20130110
_lUCH01
_h0229
590 _aBATCH-UPD
_b10
_c20130110
_lUCH01
_h0817
590 _aBATCH-UPD
_b10
_c20130409
_lUCH01
_h2252
590 _aBATCH-UPD
_b10
_c20130410
_lUCH01
_h1148
590 _aBATCH-UPD
_b10
_c20130914
_lUCH01
_h1329
590 _aCONVERSION
_b10
_c20130109
_lUCH01
_h1350
650 1 4 _aEstudios de factibilidad.
_938520
650 1 4 _aFruta
_xIndustria.
_943625
650 1 4 _aIndustrias agrícolas
_xVeracruz.
_957971
650 1 4 _aManzana
_xIndustria.
_970776
650 1 4 _aManzana
_xVeracruz.
_970813
650 1 4 _aPera
_xIndustria.
_986973
650 1 4 _aPera
_zVeracruz.
_986987
650 1 4 _aProyectos industriales.
_992531
650 1 4 _aProyectos
_xEvaluación.
_992525
901 _aBK
905 _aAlejandra Carrasco M.
942 _cFOLL
949 _aTesis
_bBC
_cTES
_d1027291
_eTS1
_gI. DonaciØn
_h44071
_i102729
_sb
949 _aTesis
_bBC
_cTES
_d33724000971131
_eTS2
_fc.2
_gI. DonaciØn
_h44072
_i102729
_sb
999 _c91194
_d91194